• 首页
  • 本馆介绍
  • 公告通知
  • 最新文献
  • 馆藏检索
  • 电子资源
  • 读者导购
  • 参考咨询
  • 我的图书馆
  • 登录
  • 详细信息显示
  • 放入我的书架
  • 预约/预借图书
  • 作者相关作品
  • 分类相关作品
  • 丛书相关作品
  • 出版社相关作品

书目信息

  • 表格格式
  • 工作单格式
  • 卡片格式
题名:
北极熊的眼睛
    
 
作者: 高登义 , 陈芳烈 主编 ;金雷 著
分册:  
出版信息: 北京   电子工业出版社  2016.07
页数: 237页
开本: 24cm
丛书名:
单 册:
中图分类: P941.62-49
科图分类:
主题词:
电子资源:
ISBN: 978-7-121-28910-1
000 00986nam0 2200253 450
001 3734
005 20181008140113.62
010    @a978-7-121-28910-1@dCNY59.00
100    @a20160826d2016 demy0chiy50 ea
101 0  @achi
102    @aCN@b110000
105    @aa z 000yy
200 1  @a北极熊的眼睛@9bei ji xiong de yan jing@f金雷著
210    @a北京@c电子工业出版社@d2016.07
215    @a237页@c彩图,彩照@d24cm
300    @a科学探险家的足迹
330    @a本书中,作者通过讲述自己在北极进行科学考察期间的亲身经历,对北极奇异的自然风光、独特的动植物资源、因纽特人的文化习俗和神奇历史、苦中作乐的当地科考生活、前赴后继的探险者们以及北极“铁幕”下的争斗等进行了全方位的介绍,带领读者一起去探索神秘的北极世界。
607    @a北极@x科学考察@j青少年读物
690    @aP941.62-49@v5
701  0 @a高登义@9gao deng yi@f(1940-)@4主编
701  0 @a陈芳烈@9chen fang lie@4主编
702  0 @a金雷@9jin lei@f(1969?-)@4著
801  0 @aCN@b91MARC@c20160826
905    @aMuseLib@dP941.62-49@e171
    
    北极熊的眼睛/金雷著.-北京:电子工业出版社,2016.07
    237页:彩图,彩照;24cm
    科学探险家的足迹
    
    ISBN 978-7-121-28910-1:CNY59.00
    本书中,作者通过讲述自己在北极进行科学考察期间的亲身经历,对北极奇异的自然风光、独特的动植物资源、因纽特人的文化习俗和神奇历史、苦中作乐的当地科考生活、前赴后继的探险者们以及北极“铁幕”下的争斗等进行了全方位的介绍,带领读者一起去探索神秘的北极世界。
●
相关链接 在E读中查询图书 在五车中查询图书 在当当中查询图书 在豆瓣中查询图书


正题名:北极熊的眼睛     索取号:P941.62-49/171         预约/预借

序号 登录号 条形码 馆藏地/架位号 状态 备注
1 1123462   211234626   第二样本阅览室/ [索取号:P941.62-49/171] 在馆    
2 1123463   211234635   密集书库-资源管理系/ [索取号:P941.62-49/171] 在馆    
3 1123464   211234644   第三借阅区/ [索取号:P941.62-49/171] 在馆    
4 1123465   211234653   第三借阅区/ [索取号:P941.62-49/171] 在馆    
5 1123466   211234662   第三借阅区/ [索取号:P941.62-49/171] 在馆    
唐山师范学院图书馆 欢迎您!
大连网信软件有限公司© 版权所有